000 00928cam a2200301 a 4500
001 8742
003 BD-RjUL
005 20211208234636.0
008 140119s1998 maua b 001 0 eng
020 _a0321014286
035 _a(BD-RjUL)8787
040 _aDLC
_cDLC
_dDLC
_dBD-RjUL
_beng
041 _aeng
082 0 0 _a333.713
_221
_bHAE 1998
100 1 _aHartwick, John M.
_927197
245 1 4 _aThe economics of natural resource use /
_cJohn M. Hartwick, Nancy D. Olewiler.
250 _a2nd ed.
260 _aReading, Mass. :
_bAddison-Wesley,
_cc1998.
300 _axv, 432 p. :
_bill. ;
_c23 cm.
504 _aIncludes bibliographical references and index.
650 0 _aNatural resources.
_927199
650 0 _aEnvironmental policy.
_927200
700 1 _aOlewiler, Nancy D.
_927201
942 _2ddc
_cBK
999 _c8742
_d8742